000 00434nam a22001817a 4500
003 MPLRDC
005 20220104143634.0
008 210129b ||||| |||| 00| 0 eng d
020 _a957-733-465-2
082 _a873.57 AMIS
100 _aKINGSLEY AMIS
245 _a幸运的吉姆
_c陈苍多 译
250 _a初版
260 _a
_b新雨
_c2000
300 _b
650 _a英国现代小说
942 _cBK
_o873.57 AMIS
999 _c41878
_d41868